International Mutual Funds, Capital Flow Volatility, and Contagion : A Survey /

Gaining a better understanding of the behavior of international investors is key for informing the debate about the optimal response to capital flows and about reforms to the international financial architecture. In this context, recent research on the behavior of international mutual funds at the m...

पूर्ण विवरण

ग्रंथसूची विवरण
मुख्य लेखक: Gelos, R.
स्वरूप: पत्रिका
भाषा:English
प्रकाशित: Washington, D.C. : International Monetary Fund, 2011.
श्रृंखला:IMF Working Papers; Working Paper ; No. 2011/092
ऑनलाइन पहुंच:Full text available on IMF
LEADER 02229cas a2200241 a 4500
001 AALejournalIMF007151
008 230101c9999 xx r poo 0 0eng d
020 |c 5.00 USD 
020 |z 9781455253319 
022 |a 1018-5941 
040 |a BD-DhAAL  |c BD-DhAAL 
100 1 |a Gelos, R. 
245 1 0 |a International Mutual Funds, Capital Flow Volatility, and Contagion :   |b A Survey /  |c R. Gelos. 
264 1 |a Washington, D.C. :  |b International Monetary Fund,  |c 2011. 
300 |a 1 online resource (27 pages) 
490 1 |a IMF Working Papers 
500 |a <strong>Off-Campus Access:</strong> No User ID or Password Required 
500 |a <strong>On-Campus Access:</strong> No User ID or Password Required 
506 |a Electronic access restricted to authorized BRAC University faculty, staff and students 
520 3 |a Gaining a better understanding of the behavior of international investors is key for informing the debate about the optimal response to capital flows and about reforms to the international financial architecture. In this context, recent research on the behavior of international mutual funds at the micro level has expanded our knowledge about the drivers of portfolio flows and the mechanisms behind the transmission of financial shocks across countries. This paper provides a brief survey of this literature, with a focus on the empirical evidence for emerging markets. Overall, the behavior of international mutual funds is complex and overly simplistic characterizations are misleading. However, there is broad-based evidence for momentum trading among funds. Moreover, funds tend to avoid opaque markets and assets, and this behavior becomes more pronounced during volatile times. Portfolio rebalancing mechanisms are clearly important in explaining contagion patterns, even in the absence of common macroeconomic fundamentals. From a surveillance point of view, this implies that monitoring the exposures of large investors at a micro level is crucial to assess vulnerabilities. 
538 |a Mode of access: Internet 
830 0 |a IMF Working Papers; Working Paper ;  |v No. 2011/092 
856 4 0 |z Full text available on IMF  |u http://elibrary.imf.org/view/journals/001/2011/092/001.2011.issue-092-en.xml  |z IMF e-Library